| Поле | Инд. | ПП | Название | Значение |
|---|---|---|---|---|
| Тип записи | a | |||
| Библиографический уровень | m | |||
| 001 | Контрольный номер | 4d7c991b-ac5b-4579-95ec-becbb1402cae | ||
| 005 | Дата корректировки | 20131111225920.4 | ||
| 008 | Кодируемые данные | 010515 d | ||
| 020 | a | ISBN | 5-85009-052-5 | |
| c | Цена, тираж | 0.50 | ||
| 040 | a | Служба первич. каталог. | RU-RKP | |
| 040 | a | Служба первич. каталог. | НБ ТвГУ | |
| 041 | a | Код языка текста | rus | |
| 080 | a | Индекс УДК | 613.99 | |
| 084 | a | Индекс другой классификации/Индекс ББК | Р714 | |
| 090 | x | Авторский знак | И20 | |
| a | Полочн. индекс | Р714 | ||
| 092 | a | 76.29.48 | ||
| 100 | 1_ | a | Автор | Иванова Ольга Анатольевна |
| 245 | 00 | a | Заглавие | Формула красоты |
| c | Ответственность | О. А. Иванова | ||
| 260 | 0_ | a | Место издания | Москва |
| b | Издательство | Сов. спорт | ||
| c | Дата издания | 1990 | ||
| 300 | a | Объем | 47,[1] с. | |
| b | Иллюстрации/ тип воспроизводства | ил. | ||
| c | Размеры | 20 см | ||
| 440 | a | Серия | Физкультура для здоровья | |
| 650 | a | Основная рубрика | Женщины | |
| x | Основная подрубрика | Здоровье | ||
| 650 | a | Основная рубрика | Гимнастика для женщин | |
| 650 | a | Основная рубрика | Гигиена женщины | |
| 653 | a | Ключевые слова | Женщины | |
| a | Ключевые слова | Здоровье женщины | ||
| a | Ключевые слова | Гигиена женщины | ||
| a | Ключевые слова | Гимнастика для женщин | ||
| a | Ключевые слова | Женская гимнастика | ||
| 852 | t | Порядковый номер экземпляра | 3 | |
| p | Инвентарный номер | 614411 | ||
| p | Инвентарный номер | 614412 | ||
| p | Инвентарный номер | 614413 | ||
| 852 | t | Порядковый номер экземпляра | 1 | |
| p | Инвентарный номер | 614414 | ||
| 852 | t | Порядковый номер экземпляра | 1 | |
| p | Инвентарный номер | 614415 | ||
| 852 | t | Порядковый номер экземпляра | 1 | |
| p | Инвентарный номер | 614416 | ||
| 954 | a | Дата поступления на обработку | 20010515 | |
| 999 | a | Подразделение 2 | Фил3 | |
| a | Подразделение 2 | Фил1 | ||
| a | Подразделение 2 | Фил2 | ||
| a | Подразделение 2 | ч.з. |